000 01195nam a2200289 a 4500
001 BRL_1827
005 20190320211403.0
008 060815s2002----mx-ao#####---#000-0#spa-#
020 _a9706830561
050 4 _aNK844
_b.U86 9 2002
100 1 _aRodríguez, José Antonio
_92455
245 1 0 _aRuth D. Lechuga
_buna memoria mexicana
_cJosé Antonio Rodríguez.
260 _aMéxico
_bMuseo Franz Mayer : Artes de México
_c2002
300 _a83 p.
_bil.
_c23 cm.
440 0 _aColección Uso y estilo
_v9
_927985
500 _aCatálogo de la exposición ´Ruth Lechuga. Peregrina del arte popular´ realizada en el Museo Franz Mayer (Ciudad de México), 18 abril - 23 junio, 2002
500 _aLa biblioteca cuenta con 2 ejemplares
500 _aej.1 Au863, ej.2 Au2190
546 _aTexto en : español e inglés
600 1 4 _aLechuga, Ruth D.
_d1920-2004
_xColecciones de arte
_92457
650 1 4 _aIndígenas de México
_xRitos y ceremonias
_92458
650 1 4 _aIndígenas de México
_vTrabajos Ilustrados
_92459
650 1 4 _aFestivales
_vTrabajos Ilustrados
_zMéxico
_92460
651 4 _aMéxico
_vTrabajos Ilustrados
_xVida social y costumbres
_92461
902 _aGRL
942 _2lcc
_cB
999 _c10635
_d10635